Man's origin, man's destiny : (Record no. 4468)
[ view plain ]
| 000 -LEADER | |
|---|---|
| fixed length control field | 00969nam a2200289Ia 4500 |
| 001 - CONTROL NUMBER | |
| control field | 7357086 |
| 003 - CONTROL NUMBER IDENTIFIER | |
| control field | OSt |
| 005 - DATE AND TIME OF LATEST TRANSACTION | |
| control field | 20181206151240.0 |
| 008 - FIXED-LENGTH DATA ELEMENTS--GENERAL INFORMATION | |
| fixed length control field | 810422r19751968cau 00000 eng d |
| 020 ## - INTERNATIONAL STANDARD BOOK NUMBER | |
| International Standard Book Number | 0871233568 : |
| 040 ## - CATALOGING SOURCE | |
| Original cataloging agency | PGC |
| Transcribing agency | PGC |
| Modifying agency | m/c |
| 041 1# - LANGUAGE CODE | |
| Language code of text/sound track or separate title | engger |
| 082 ## - DEWEY DECIMAL CLASSIFICATION NUMBER | |
| Classification number | 573.2 |
| Item number | S642M |
| 100 20 - MAIN ENTRY--PERSONAL NAME | |
| Personal name | Wilder-Smith, A. E |
| 240 00 - UNIFORM TITLE | |
| Uniform title | Herkunft und Zukunft des Menschen. |
| Language of a work | English |
| 245 10 - TITLE STATEMENT | |
| Title | Man's origin, man's destiny : |
| Remainder of title | a critical survey of the principles of evolution and Christianity / |
| Statement of responsibility, etc. | A. E. Wilder-Smith |
| 260 0# - PUBLICATION, DISTRIBUTION, ETC. | |
| Place of publication, distribution, etc. | San Diego, CA : |
| Name of publisher, distributor, etc. | CLP Publishers, |
| Date of publication, distribution, etc. | 1975, c1968 |
| 300 ## - PHYSICAL DESCRIPTION | |
| Extent | 320 p., [16] p. of plates : |
| Other physical details | ill. ; |
| Dimensions | 21 cm |
| 500 ## - GENERAL NOTE | |
| General note | Reprint of the ed. published by H. Shaw, Wheaton, Ill |
| 500 ## - GENERAL NOTE | |
| General note | Translation of Herkunft und Zukunft des Menschen |
| 500 ## - GENERAL NOTE | |
| General note | Includes index |
| 504 ## - BIBLIOGRAPHY, ETC. NOTE | |
| Bibliography, etc. note | Bibliography: p. 319-320 |
| 650 #0 - SUBJECT ADDED ENTRY--TOPICAL TERM | |
| Topical term or geographic name entry element | Bible and evolution |
| 650 #0 - SUBJECT ADDED ENTRY--TOPICAL TERM | |
| Topical term or geographic name entry element | Human beings |
| General subdivision | Origin |
| 650 #0 - SUBJECT ADDED ENTRY--TOPICAL TERM | |
| Topical term or geographic name entry element | Human evolution |
| 942 ## - ADDED ENTRY ELEMENTS (KOHA) | |
| Source of classification or shelving scheme | Dewey Decimal Classification |
| Koha item type | Books |
| Withdrawn status | Lost status | Source of classification or shelving scheme | Damaged status | Not for loan | Collection code | Home library | Current library | Shelving location | Date acquired | Cost, normal purchase price | Total Checkouts | Full call number | Barcode | Date last seen | Price effective from | Koha item type |
|---|---|---|---|---|---|---|---|---|---|---|---|---|---|---|---|---|
| Dewey Decimal Classification | Not For Loan | Non-fiction | Harvest Mission College | Harvest Mission College | General Stacks | 06.12.2018 | 190.00 | 573.2 S642M | 005132 | 06.12.2018 | 06.12.2018 | Books |
